Amantes y enemigos : (Registro nro. 3256)
[ vista simple ]
| 000 -LEADER | |
|---|---|
| fixed length control field | 00851nam a2200229Ia 4500 |
| 003 - CONTROL NUMBER IDENTIFIER | |
| control field | OSt |
| 005 - DATE AND TIME OF LATEST TRANSACTION | |
| control field | 20250801112615.0 |
| 008 - FIXED-LENGTH DATA ELEMENTS--GENERAL INFORMATION | |
| fixed length control field | 191128t2000 sp er 000 j spa d |
| 020 ## - INTERNATIONAL STANDARD BOOK NUMBER | |
| International Standard Book Number | 8495501147 |
| 040 ## - CATALOGING SOURCE | |
| Original cataloging agency | CO-JMCR |
| Transcribing agency | CO-JMCR |
| 041 0# - LANGUAGE CODE | |
| Language code of text/sound track or separate title | spa |
| 082 04 - DEWEY DECIMAL CLASSIFICATION NUMBER | |
| Classification number | A-C |
| Edition number | MONa |
| 100 ## - MAIN ENTRY--PERSONAL NAME | |
| Personal name | Montero, Rosa, |
| Dates associated with a name | 1951 |
| Fuller form of name | autor |
| 9 (RLIN) | 4187 |
| 245 10 - TITLE STATEMENT | |
| Title | Amantes y enemigos : |
| Remainder of title | cuentos de parejas / |
| Statement of responsibility, etc. | Rosa Montero |
| 250 ## - EDITION STATEMENT | |
| Edition statement | Segunda edición |
| 260 ## - PUBLICATION, DISTRIBUTION, ETC. | |
| Place of publication, distribution, etc. | Madrid : |
| Name of publisher, distributor, etc. | Grupo Santillana, |
| Date of publication, distribution, etc. | ©2000 |
| 300 ## - PHYSICAL DESCRIPTION | |
| Extent | 246 páginas ; |
| Dimensions | 18 cm. |
| 490 ## - SERIES STATEMENT | |
| Series statement | Punto de lectura ; 15 |
| 505 ## - FORMATTED CONTENTS NOTE | |
| Formatted contents note | Paulo Pumilio -- Alma Caníbal -- La vida es fácil -- Noche de reyes -- La otra -- El reencuentro -- La gloria de los feos -- Mi hombre -- El montruo del lago -- Carne quemada -- Retrato de familia -- Parece tan dulce |
| 650 14 - SUBJECT ADDED ENTRY--TOPICAL TERM | |
| Topical term or geographic name entry element | Cuentos españoles |
| 9 (RLIN) | 4188 |
| 942 ## - ADDED ENTRY ELEMENTS (KOHA) | |
| Source of classification or shelving scheme | Dewey Decimal Classification |
| Koha item type | Books |
| Withdrawn status | Lost status | Source of classification or shelving scheme | Damaged status | Not for loan | Collection code | Home library | Current library | Date acquired | Source of acquisition | Cost, normal purchase price | Total Checkouts | Total Renewals | Full call number | Barcode | Date last seen | Date last checked out | Copy number | Koha item type |
|---|---|---|---|---|---|---|---|---|---|---|---|---|---|---|---|---|---|---|
| Dewey Decimal Classification | Fiction | Biblioteca Pública José María del Castillo y Rada | Biblioteca Pública José María del Castillo y Rada | 11/28/2019 | Donación | 0.00 | 4 | 2 | A-C MONa | 201506988 | 08/22/2025 | 08/21/2025 | Ej.1 | Books |